000 00662nam a2200241Ia 4500
003 OSt
005 20221007103523.0
006 a|||||r|||| 00| 0
007 ta
008 221006b |||||||| |||| 00| 0 eng d
024 _a13,411
037 _cTextual
040 _aLCO
_cLCO
_beng
041 _2eng
_aeng
082 _aY15 0k49, L0
100 _aKapur Promila
_9705162
245 0 _aMarriage and the Working Women in India
260 _aDelhi
_bVikas Publications India
_c1970
300 _a528
650 _aWORKING WOMAN
_9705163
942 _hY15 0k49, L0
_cTEXL
999 _c1182974
_d1182974